00512nam a2200157 i 4500001000300000100002200003245007200025260002100097040000800118041000800126942000700134008004100141999001300182856009600195952006300291bg1 aSZCZEPAŃSKI, Z. 0aTechnologia materiałów i materiałoznawstwo /cZ. Szczepański. aWarszawa,c1984. cBPK apol cKS s pl f |000 0 pol  c916d916 uhttp://koha.tu.koszalin.pl/cgi-bin/koha/opac-detail.pl?biblionumber=916yKatalog online BPK 00104070aBPKbBPKcwoP 22097p01425161s2017-01-05yKS